<?xml version="1.0" encoding="UTF-8"?>
<record
    xmlns:xsi="http://www.w3.org/2001/XMLSchema-instance"
    xsi:schemaLocation="http://www.loc.gov/MARC21/slim http://www.loc.gov/standards/marcxml/schema/MARC21slim.xsd"
    xmlns="http://www.loc.gov/MARC21/slim">

  <leader>00726nam a2200205 a 4500</leader>
  <controlfield tag="001">BRCA_9126</controlfield>
  <controlfield tag="005">20190320210528.0</controlfield>
  <controlfield tag="008">051017s1721----sp-#######---#000-0#lat-#</controlfield>
  <datafield tag="041" ind1=" " ind2=" ">
    <subfield code="a">lat</subfield>
  </datafield>
  <datafield tag="044" ind1=" " ind2=" ">
    <subfield code="a">sp</subfield>
  </datafield>
  <datafield tag="084" ind1=" " ind2=" ">
    <subfield code="a">BE154</subfield>
    <subfield code="b">.L67 1721</subfield>
  </datafield>
  <datafield tag="100" ind1="1" ind2=" ">
    <subfield code="a">Lossada, Ludovico de</subfield>
    <subfield code="9">22507</subfield>
  </datafield>
  <datafield tag="245" ind1="1" ind2="0">
    <subfield code="a">Institutiones dialecticae, vulgo summulae, ad primam partem philosophici cursus pertinentes</subfield>
    <subfield code="c">authore R. P. Ludovico de Lossada.</subfield>
  </datafield>
  <datafield tag="260" ind1=" " ind2=" ">
    <subfield code="a">Salmanticae</subfield>
    <subfield code="b">Ex typographia Francisci Garcia Onorato &amp; San Miguel</subfield>
    <subfield code="c">1721</subfield>
  </datafield>
  <datafield tag="300" ind1=" " ind2=" ">
    <subfield code="a">194 p. (t.1)</subfield>
    <subfield code="c">20.5 x 15 cm</subfield>
  </datafield>
  <datafield tag="500" ind1=" " ind2=" ">
    <subfield code="a">Estado f&#xED;sico: presenta encuadernaci&#xF3;n en pergamino con presencia del pez de plata</subfield>
  </datafield>
  <datafield tag="650" ind1="1" ind2="4">
    <subfield code="a">Filosof&#xED;a</subfield>
    <subfield code="9">14906</subfield>
  </datafield>
  <datafield tag="902" ind1=" " ind2=" ">
    <subfield code="a">CFM</subfield>
  </datafield>
  <datafield tag="942" ind1=" " ind2=" ">
    <subfield code="2">lcc</subfield>
    <subfield code="c">B</subfield>
  </datafield>
  <datafield tag="999" ind1=" " ind2=" ">
    <subfield code="c">8774</subfield>
    <subfield code="d">8774</subfield>
  </datafield>
  <datafield tag="952" ind1=" " ind2=" ">
    <subfield code="0">0</subfield>
    <subfield code="1">0</subfield>
    <subfield code="4">0</subfield>
    <subfield code="7">0</subfield>
    <subfield code="a">BRCA</subfield>
    <subfield code="b">BRCA</subfield>
    <subfield code="d">2017-10-05</subfield>
    <subfield code="l">0</subfield>
    <subfield code="o">BE154 .L67 1721</subfield>
    <subfield code="p">CFM00483</subfield>
    <subfield code="r">2019-03-22 00:00:00</subfield>
    <subfield code="w">2019-03-22</subfield>
    <subfield code="y">B</subfield>
  </datafield>
</record>
